[Event "Porto Alegre op"]
[Site "Porto Alegre"]
[Date "2023.08.26"]
[Round "2"]
[White "Cenci, Luciano Krause"]
[Black "Santanna, Victor Martins"]
[Result "1-0"]
[WhiteElo "1566"]
[BlackElo "1800"]
[PlyCount "39"]
[EventDate "2023.08.25"]
[EventType "swiss"]
[EventRounds "5"]
[EventCountry "BRA"]
[SourceTitle "CBM 216 Extra"]
[Source "ChessBase"]
[SourceDate "2023.11.30"]
[SourceVersion "1"]
[SourceVersionDate "2023.11.30"]
[SourceQuality "1"]

1. d4 Nf6 2. c4 g6 3. Nf3 d6 4. g3 Bg7 5. Nc3 0-0 6. Bg2 Nbd7 7. 0-0 Nb6 8. b3 Re8 9. Bb2 a6 10. Re1 Rb8 11. e4 e5 12. dxe5 dxe5 13. Qxd8 Rxd8 14. Nxe5 Nh5 15. Nf3 Be6 16. Nd1 c6 17. Bxg7 Nxg7 18. Ne3 Re8 19. Rad1 Bd7 20. c5 1-0

[Event "Porto Alegre op"]
[Site "Porto Alegre"]
[Date "2023.08.25"]
[Round "1"]
[White "Santanna, Victor Martins"]
[Black "Sardi, Sergio Augusto"]
[Result "0-1"]
[WhiteElo "1800"]
[BlackElo "1864"]
[PlyCount "62"]
[EventDate "2023.08.25"]
[EventType "swiss"]
[EventRounds "5"]
[EventCountry "BRA"]
[SourceTitle "CBM 216 Extra"]
[Source "ChessBase"]
[SourceDate "2023.11.30"]
[SourceVersion "1"]
[SourceVersionDate "2023.11.30"]
[SourceQuality "1"]

1. d4 d5 2. Bf4 Nf6 3. e3 c6 4. Nf3 Qb6 5. Qc1 Bf5 6. Nbd2 h6 7. c3 Nbd7 8. Be2 Nh5 9. Bg3 Nxg3 10. hxg3 e6 11. Ne5 Nxe5 12. dxe5 Qc7 13. f4 Bc5 14. Nb3 Bb6 15. Nd4 Be4 16. Nf3 a6 17. g4 0-0-0 18. Qd2 Kb8 19. Bd1 c5 20. Bc2 Bxf3 21. gxf3 d4 22. 0-0-0 Ba5 23. b4 dxc3 24. Qxc3 Bxb4 25. Qb3 Ba5 26. Rxd8+ Rxd8 27. Be4 c4 28. Qb2 Bd2+ 29. Kb1 Bxe3 30. Rh2 Bxf4 31. Rc2 Rd1+ 0-1